| 000 | 01130nam a2200229Ia 4500 | ||
|---|---|---|---|
| 001 | L150-1251 | ||
| 003 | IT-CnALBA | ||
| 008 | 170116s9999||||xx |||||||||||||| ||und|| | ||
| 040 |
_aIT-CnALBA _cIT-CnALBA |
||
| 041 | _aITALIANO | ||
| 100 | _aROCHE ALOYSIUS | ||
| 245 | 0 | _aSUBLIMITA' DEI SANTI. | |
| 250 | _a1a ed. | ||
| 260 |
_aCINISELLO BALSAMO (MI) _bEDIZIONI PAOLINE _c1958 [1° Ed.: n.d.] |
||
| 300 | _a182 p. | ||
| 500 | _aTRADUZIONE DALL'INGLESE DI MAGGIANO AGOSTINO. COMPAGNIA DEI SANTI. MONDO ROMANZESCO. I SANTI NELLA STORIA. ALTRUISMO E ASCETISMO DEI SANTI. SANTI: ENERGIA DISTACCO EROISMO GENEROSITÀ SOFFERENZE LUCE DIETA ESEMPIO SUBLIMITA' RICORDO DEI SANTI. | ||
| 501 | _aSocietà San Paolo EM - Piazza San Paolo, 14 - 12051 ALBA (CN) (non commercial uses only) ® Copyright 2017 | ||
| 520 | _aTRADUZIONE DALL'INGLESE DI MAGGIANO AGOSTINO. COMPAGNIA DEI SANTI. MONDO ROMANZESCO. I SANTI NELLA STORIA. ALTRUISMO E ASCETISMO DEI SANTI. SANTI: ENERGIA DISTACCO EROISMO GENEROSITÀ SOFFERENZE LUCE DIETA ESEMPIO SUBLIMITA' RICORDO DEI SANTI. | ||
| 650 | _aPSICOLOGIA | ||
| 942 | _cBK | ||
| 957 | _71 | ||
| 999 |
_a2242 _bNO _g Copie: 1 _c260479 _d260479 |
||